000 00589nam a2200229Ia 4500
003 OSt
005 20220924142629.0
006 a|||||r|||| 00| 0
007 ta
008 ASM
024 _a302706
037 _cTextual
040 _aARTS
_cARTS
_bASM
041 _2ASM
_aASM
082 _aU8.46(Q:4198)'N, 158M3
100 _aKhatun Raushanar
_9213771
245 0 _aMor madhya asia bhrama kahini aru pabitra haj jatra
260 _c1983
650 _aGEOGRAPHY
942 _hU8.46(Q:4198)'N, 158M3
_cTEXL
_2CC
999 _c451392
_d451392